00652nam a2200181Ia 4500003000400000005001700004008004100021020003000062040001700092082002200109100001800131245012400149250001200273260002500285300009200310500004000402650002800442IIN20250325125250.0250325s9999 xx adc 001 0 eng d cRs.1050.00a9789354669675 aIINbEnglish a611 bCHA1 aChaurasia, BD1 aBD Chaurasia's Human Anatomy bRegional and Applied Dissection and Clinical Lower Limb Abdomen and PelviscBD Chaurasia a10th ed bCBSaNew Delhic2025 axxiv, 482 p. / V.2bcol. ill.eWorkbook of Human Anatomy: Lower Limb Abdomen and Pelvis a V.2: Lower Limb Abdomen and Pelvis1 aAnatomy xHuman Anatomy